[Event "2BLO 2223 MSA Zugzwang - SK Göggingen"]
[Site "?"]
[Date "2022.11.27"]
[Round "4.4"]
[White "Kindermann, Stefan"]
[Black "Rozentalis, Eduardas"]
[Result "1/2-1/2"]
[WhiteElo "2459"]
[BlackElo "2500"]
[PlyCount "33"]
[EventDate "2022.??.??"]

1. d4 Nf6 2. Nf3 b6 3. g3 Bb7 4. Bg2 e6 5. c4 Be7 6. O-O O-O 7. Nc3 Ne4 8. Qc2 Nxc3 9. Qxc3 Bf6 10. Qc2 d5 11. cxd5 exd5 12. Bf4 Na6 13. Rfd1 Re8 14. Be5 c5 15. Bxf6 Qxf6 16. dxc5 Nxc5 17. Nd4 1/2-1/2

[Event "2BLO 2223 MSA Zugzwang - SK Göggingen"]
[Site "?"]
[Date "2022.11.27"]
[Round "4.5"]
[White "Arnaudov, G. Petar"]
[Black "Hertneck, Gerald"]
[Result "1/2-1/2"]
[WhiteElo "2454"]
[BlackElo "2470"]
[PlyCount "77"]
[EventDate "2022.??.??"]

1. d4 d5 2. Nf3 Nf6 3. c4 c6 4. Nc3 dxc4 5. e4 b5 6. e5 Nd5 7. a4 e6 8. Be2 Nd7 9. O-O Nxc3 10. bxc3 Nb6 11. Ng5 Be7 12. f4 Nxa4 13. Bf3 Bd7 14. Qe1 Nb6 15. Qg3 Nd5 16. Be4 g6 17. h4 Qb6 18. h5 f5 19. exf6 Bxf6 20. Bxd5 cxd5 21. Ba3 Bxd4+ 22. cxd4 b4 23. Bxb4 Qxb4 24. f5 gxf5 25. Qe5 O-O 26. Nxe6 Bxe6 27. Qxe6+ Rf7 28. Qxd5 Qb7 29. Qxc4 Rc8 30. Qe6 Qc6 31. d5 Qb6+ 32. Kh1 Rc4 33. Qxb6 axb6 34. Rab1 Rh4+ 35. Kg1 Rxh5 36. Rxb6 f4 37. Rb4 Rxd5 38. Rbxf4 Rxf4 39. Rxf4 1/2-1/2

[Event "2BLO 2223 MSA Zugzwang - SK Göggingen"]
[Site "?"]
[Date "2022.11.27"]
[Round "4.6"]
[White "Zysk, Robert"]
[Black "Stankovic, Milos"]
[Result "1/2-1/2"]
[WhiteElo "2402"]
[BlackElo "2425"]
[PlyCount "143"]
[EventDate "2022.??.??"]

1. Nf3 Nf6 2. c4 e6 3. d4 c5 4. Nc3 cxd4 5. Nxd4 d5 6. e3 Nc6 7. cxd5 exd5 8. Be2 Bd6 9. O-O O-O 10. Nxc6 bxc6 11. b3 Qc7 12. g3 Bh3 13. Re1 h5 14. Bf1 Bxf1 15. Rxf1 Qd7 16. Bb2 Rfe8 17. Qf3 h4 18. Rad1 Be5 19. Na4 Qh3 20. Bd4 hxg3 21. hxg3 Ne4 22. Nc5 Bxd4 23. exd4 Ng5 24. Qg2 Qh5 25. g4 Qh6 26. Rfe1 Qf6 27. Rxe8+ Rxe8 28. Qg3 g6 29. Kg2 Ne4 30. Nxe4 Rxe4 31. Rd3 Qg5 32. Kf3 Qc1 33. Kg2 Qg5 34. Kf3 Kg7 35. Rd1 a5 36. a4 Qf6+ 37. Kg2 Qe6 38. f3 Re2+ 39. Kf1 Qe3 40. Qe5+ Qxe5 41. dxe5 Rxe5 42. Rc1 Re3 43. Kf2 Rxb3 44. Rxc6 Rb2+ 45. Kg3 Rb4 46. Rc5 Rxa4 47. Rxd5 Kf6 48. g5+ Ke6 49. Rb5 Ra1 50. Kf4 a4 51. Rb6+ Ke7 52. Rb7+ Ke6 53. Rb6+ Ke7 54. Rb7+ Kf8 55. Rb8+ Kg7 56. Ra8 a3 57. Kg3 a2 58. Kg2 Kh7 59. f4 Kg7 60. Kh2 f5 61. gxf6+ Kxf6 62. Kg2 Kf5 63. Ra4 Kg4 64. f5+ Kxf5 65. Ra8 Kf4 66. Ra4+ Ke3 67. Ra8 Re1 68. Rxa2 Re2+ 69. Rxe2+ Kxe2 70. Kg3 Ke3 71. Kg4 g5 72. Kxg5 1/2-1/2

[Event "2BLO 2223 MSA Zugzwang - SK Göggingen"]
[Site "?"]
[Date "2022.11.27"]
[Round "4.7"]
[White "Pitl, Gregory"]
[Black "Hoffmeyer, Falk"]
[Result "1/2-1/2"]
[WhiteElo "2372"]
[BlackElo "2320"]
[PlyCount "43"]
[EventDate "2022.??.??"]

1. e4 c6 2. d4 d5 3. e5 Bf5 4. Nd2 e6 5. Nb3 Ne7 6. Nf3 Nc8 7. Be2 Be7 8. O-O O-O 9. Ne1 Nd7 10. Bd3 Bxd3 11. Nxd3 Ncb6 12. Qg4 Kh8 13. Nd2 c5 14. c3 Rc8 15. Nf3 Rc6 16. Nf4 Na4 17. Re1 b5 18. a3 Qc8 19. Nh5 Rg8 20. Nf4 Rf8 21. Nh5 Rg8 22. Nf4 1/2-1/2

[Event "2BLO 2223 MSA Zugzwang - SK Göggingen"]
[Site "?"]
[Date "2022.11.27"]
[Round "4.8"]
[White "Gerigk, Erasmus"]
[Black "Kukov, Velislav"]
[Result "1/2-1/2"]
[WhiteElo "2328"]
[BlackElo "2342"]
[PlyCount "21"]
[EventDate "2022.??.??"]

1. e4 g6 2. d4 Bg7 3. Nc3 d5 4. exd5 Nf6 5. Bb5+ Nbd7 6. Nge2 O-O 7. Bxd7 Qxd7 8. Nf4 b6 9. O-O Bb7 10. Re1 Nxd5 11. Nfxd5 1/2-1/2

[Event "2BLO 2223 FC Bayern München II - SC Ga"]
[Site "?"]
[Date "2022.11.27"]
[Round "4.1"]
[White "Krivoborodov, Egor"]
[Black "Bezold, Michael"]
[Result "1-0"]
[WhiteElo "2526"]
[BlackElo "2481"]
[PlyCount "55"]
[EventDate "2022.??.??"]

1. e4 c5 2. c3 Qa5 3. Nf3 Nc6 4. Na3 e6 5. Bb5 Qc7 6. O-O a6 7. Bxc6 Qxc6 8. d4 Qc7 9. Bg5 b5 10. c4 cxd4 11. cxb5 f6 12. Rc1 Qb8 13. Bh4 Bxa3 14. bxa3 e5 15. b6 Ne7 16. Qb3 Nc6 17. Nd2 g5 18. Bg3 a5 19. Nc4 a4 20. Qf3 O-O 21. h4 h6 22. Qh5 Kg7 23. f4 gxf4 24. Qg4+ Kh8 25. Qg6 Ne7 26. Qxh6+ Kg8 27. Bxf4 d6 28. Bg5 1-0

[Event "2BLO 2223 FC Bayern München II - SC Ga"]
[Site "?"]
[Date "2022.11.27"]
[Round "4.2"]
[White "Belezky, Alexander"]
[Black "Vykouk, Jan"]
[Result "1/2-1/2"]
[WhiteElo "2343"]
[BlackElo "2480"]
[PlyCount "53"]
[EventDate "2022.??.??"]

1. Nf3 Nf6 2. g3 g6 3. b3 Bg7 4. Bb2 O-O 5. Bg2 d6 6. d4 Nbd7 7. O-O c6 8. Nbd2 e5 9. dxe5 Ng4 10. Qc1 Ngxe5 11. c4 Re8 12. Rd1 Nxf3+ 13. Nxf3 Rxe2 14. Bxg7 Kxg7 15. Rxd6 Qe7 16. Rd2 Rxd2 17. Qxd2 Nc5 18. Re1 Be6 19. b4 Na6 20. Ng5 Nc7 21. Qf4 h6 22. Qe5+ Kg8 23. Ne4 Qxb4 24. Nf6+ Kf8 25. Nh7+ Kg8 26. Nf6+ Kf8 27. Nh7+ 1/2-1/2

[Event "2BLO 2223 FC Bayern München II - SC Ga"]
[Site "?"]
[Date "2022.11.27"]
[Round "4.3"]
[White "Koepke, Christian"]
[Black "Zajogin, Alexander"]
[Result "1/2-1/2"]
[WhiteElo "2301"]
[BlackElo "2394"]
[PlyCount "47"]
[EventDate "2022.??.??"]

1. e4 e5 2. Nf3 Nc6 3. Bc4 Bc5 4. c3 Nf6 5. d4 exd4 6. cxd4 Bb4+ 7. Nbd2 d5 8. exd5 Nxd5 9. O-O O-O 10. a3 Be7 11. Re1 Nb6 12. Ba2 Bg4 13. h3 Bxf3 14. Nxf3 Bf6 15. Be3 Ne7 16. Qb3 Ned5 17. Bd2 Qd6 18. Ne5 c6 19. Re4 Rfe8 20. Rae1 Qc7 21. Qg3 Re6 22. Bb1 Rae8 23. Qd3 g6 24. Ng4 1/2-1/2

[Event "2BLO 2223 FC Bayern München II - SC Ga"]
[Site "?"]
[Date "2022.11.27"]
[Round "4.4"]
[White "Unzicker, Ferdinand"]
[Black "Rusche, Johannes"]
[Result "0-1"]
[WhiteElo "2326"]
[BlackElo "2305"]
[PlyCount "130"]
[EventDate "2022.??.??"]

1. c4 Nf6 2. g3 e6 3. Bg2 d5 4. Nf3 Be7 5. O-O O-O 6. b3 d4 7. e3 c5 8. exd4 cxd4 9. d3 Nc6 10. Bg5 a5 11. Nbd2 Re8 12. Bxf6 Bxf6 13. Ne1 e5 14. a3 Be7 15. Nc2 Ra6 16. Rb1 Bf5 17. Ne4 Qc8 18. b4 Nb8 19. f4 axb4 20. axb4 Bg4 21. Qd2 Ra2 22. fxe5 Nc6 23. Nd6 Bxd6 24. exd6 Re2 25. Qf4 Rxg2+ 26. Kxg2 Rxc2+ 27. Rf2 Bh3+ 28. Kg1 Rxf2 29. Kxf2 f6 30. b5 Ne5 31. Qxd4 Qf5+ 32. Ke3 Qf3+ 33. Kd2 Bf5 34. Qd5+ Qxd5 35. cxd5 Nf7 36. b6 Nxd6 37. Rc1 Nc8 38. Rc7 Nxb6 39. d6 Kf8 40. Rxb7 Nd7 41. d4 Kf7 42. d5 g5 43. Kc3 Ke8 44. Kb4 Be4 45. Kc4 Bg2 46. Rb1 Kd8 47. Kd4 Bh3 48. Rb7 h5 49. Ra7 Ke8 50. Ra8+ Kf7 51. Rh8 Nf8 52. Rxh5 Bg4 53. Rh8 Kg7 54. h3 Kxh8 55. hxg4 Kg7 56. Kc5 Kf7 57. Kc6 Ke8 58. Kc7 Nd7 59. Kc8 Nb6+ 60. Kc7 Nxd5+ 61. Kc6 Nb4+ 62. Kb5 Nd3 63. Kc6 Kd8 64. Kd5 Kd7 65. Ke4 Nb4 0-1

[Event "2BLO 2223 FC Bayern München II - SC Ga"]
[Site "?"]
[Date "2022.11.27"]
[Round "4.5"]
[White "Renner, Christoph"]
[Black "Hoeglauer, Patrick"]
[Result "1/2-1/2"]
[WhiteElo "2301"]
[BlackElo "2269"]
[PlyCount "91"]
[EventDate "2022.??.??"]

1. e4 c5 2. Nc3 Nc6 3. g3 g6 4. Bg2 Bg7 5. d3 d6 6. Nf3 e5 7. Nd2 Nge7 8. Nc4 Be6 9. h4 h6 10. a4 Qd7 11. Nb5 Nc8 12. Be3 Nd4 13. Nc3 Ne7 14. Nd5 Bg4 15. f3 Be6 16. Nxe7 Qxe7 17. c3 Nc6 18. Qd2 d5 19. exd5 Bxd5 20. O-O Rd8 21. Qf2 b6 22. f4 exf4 23. Bxf4 O-O 24. Rae1 Qd7 25. Bd6 Bxg2 26. Kxg2 Rfe8 27. Rxe8+ Rxe8 28. Re1 Re6 29. Rxe6 Qxe6 30. Qf3 Na5 31. Nxa5 Qxd6 32. Nc4 Qd7 33. a5 b5 34. Nd2 a6 35. Nb3 Qd6 36. Qe4 Be5 37. g4 Bf6 38. h5 Bh4 39. Qf3 Be7 40. d4 cxd4 41. Nxd4 b4 42. hxg6 Qxg6 43. Nc6 Qc2+ 44. Qf2 Qe4+ 45. Qf3 Qc2+ 46. Qf2 1/2-1/2

[Event "2BLO 2223 FC Bayern München II - SC Ga"]
[Site "?"]
[Date "2022.11.27"]
[Round "4.6"]
[White "Rodewis, Thomas"]
[Black "Bredl, Harald"]
[Result "1/2-1/2"]
[WhiteElo "2357"]
[BlackElo "2297"]
[PlyCount "48"]
[EventDate "2022.??.??"]

1. d4 d5 2. c4 dxc4 3. e4 Nc6 4. Nf3 Nf6 5. Bxc4 Nxe4 6. d5 e6 7. O-O Bc5 8. Nc3 Nxc3 9. bxc3 exd5 10. Re1+ Be6 11. Bxd5 O-O 12. Bxe6 Qxd1 13. Bxf7+ Rxf7 14. Rxd1 Re8 15. Rd5 Bb6 16. Ba3 Re2 17. Bc5 h6 18. h4 Rc2 19. Bxb6 cxb6 20. Rd3 Re7 21. a3 Kf7 22. Nd4 Nxd4 23. cxd4 Ree2 24. Rf3+ Ke7 1/2-1/2

[Event "2BLO 2223 FC Bayern München II - SC Ga"]
[Site "?"]
[Date "2022.11.27"]
[Round "4.7"]
[White "Koepke, Elena"]
[Black "Webersberger, Johann"]
[Result "1/2-1/2"]
[WhiteElo "2260"]
[BlackElo "2350"]
[PlyCount "173"]
[EventDate "2022.??.??"]

1. e4 c6 2. Nf3 d5 3. d3 Bg4 4. h3 Bh5 5. g4 Bg6 6. exd5 cxd5 7. h4 f6 8. h5 Bf7 9. d4 Nc6 10. c3 e6 11. Bd3 Bd6 12. Be3 h6 13. Nbd2 Nge7 14. Nf1 Qc7 15. Qc2 O-O-O 16. O-O-O Kb8 17. Kb1 Rc8 18. Rc1 Ka8 19. Qa4 e5 20. dxe5 fxe5 21. Be2 Be8 22. Qd1 Qa5 23. N1d2 Bf7 24. Nb3 Qd8 25. Nh4 Na5 26. Nxa5 Qxa5 27. Qb3 Be8 28. Qd1 Rf8 29. c4 d4 30. Bd2 Qb6 31. f3 Bf7 32. Bd3 Bg8 33. Qb3 Qc7 34. Be4 Bc5 35. Qc2 Nc6 36. Nf5 Nd8 37. Rhe1 Rf6 38. Qd3 Ra6 39. Rc2 Nc6 40. Rec1 Rb6 41. Ka1 Bb4 42. Bxc6 bxc6 43. a3 Bxd2 44. Rxd2 Rcb8 45. b4 a5 46. Ra2 Bh7 47. Qe4 Bxf5 48. gxf5 Ka7 49. Re1 axb4 50. axb4+ Ra6 51. Rxa6+ Kxa6 52. Qb1 Qd6 53. c5 Qd5 54. Qd3+ Kb7 55. Kb2 Kc7 56. Qb3 Rd8 57. Qxd5 Rxd5 58. Kc2 Kb7 59. Kd3 Ka6 60. Rg1 Rd7 61. Kc4 d3 62. Ra1+ Kb7 63. Rd1 Rd4+ 64. Kc3 Rf4 65. Rxd3 Rxf5 66. Rd7+ Kc8 67. Rxg7 Rxf3+ 68. Kc4 Rh3 69. Rg6 Rh4+ 70. Kb3 Kb7 71. Rxh6 Rh3+ 72. Ka4 Rh1 73. Rh7+ Ka6 74. Rc7 Ra1+ 75. Kb3 Rb1+ 76. Kc3 Rc1+ 77. Kd2 Rh1 78. Rxc6+ Kb5 79. Rb6+ Kc4 80. h6 e4 81. Rb8 Rxh6 82. Ke3 Kd5 83. Rd8+ Ke5 84. Re8+ Kd5 85. Rd8+ Ke5 86. Re8+ Kd5 87. Rd8+ 1/2-1/2

[Event "2BLO 2223 FC Bayern München II - SC Ga"]
[Site "?"]
[Date "2022.11.27"]
[Round "4.8"]
[White "Lentrodt, Thomas"]
[Black "Seifert, Volker"]
[Result "1-0"]
[WhiteElo "2252"]
[BlackElo "2282"]
[PlyCount "101"]
[EventDate "2022.??.??"]

1. d4 e6 2. c4 Nf6 3. Nf3 b6 4. g3 Ba6 5. Qa4 Be7 6. Nc3 O-O 7. Bg2 c6 8. O-O d5 9. Ne5 Qe8 10. cxd5 cxd5 11. Qxe8 Rxe8 12. Bd2 Rc8 13. Rfc1 Bb7 14. e3 Nc6 15. Nxc6 Rxc6 16. Bf1 Rac8 17. f3 a6 18. Bd3 b5 19. Ne2 Nd7 20. Rxc6 Rxc6 21. Rc1 Nb6 22. b3 Rxc1+ 23. Nxc1 b4 24. Kf2 a5 25. Bb5 Nc8 26. Nd3 Na7 27. Bd7 Ba6 28. Nb2 Kf8 29. e4 Bb5 30. Bxb5 Nxb5 31. Ke3 dxe4 32. Kxe4 Nc3+ 33. Bxc3 bxc3 34. Nd3 Ba3 35. Ne1 Ke7 36. Nc2 Bc1 37. Kd3 Bd2 38. Na3 Kd6 39. Nc4+ Kd5 40. Nxa5 Be1 41. Nc4 h5 42. Ne3+ Kc6 43. Nd1 h4 44. gxh4 Bxh4 45. Nxc3 Be7 46. Kc4 f5 47. b4 g5 48. h3 Bf6 49. a4 e5 50. Nd5 Bg7 51. Ne7+ 1-0

[Event "2BLO 2223 SG Leipzig  - Nickelhütte Au"]
[Site "?"]
[Date "2022.11.27"]
[Round "4.1"]
[White "Slobodjan, Roman"]
[Black "Richter, Leonard"]
[Result "1-0"]
[WhiteElo "2445"]
[BlackElo "2255"]
[PlyCount "53"]
[EventDate "2022.??.??"]

1. e4 c5 2. Nf3 d6 3. d4 cxd4 4. Nxd4 Nf6 5. Nc3 a6 6. Bc4 e6 7. a3 Nc6 8. Ba2 Be7 9. Be3 O-O 10. O-O Bd7 11. f4 Rc8 12. Kh1 Qa5 13. Nde2 b5 14. Ng3 b4 15. axb4 Qxb4 16. Bb3 Na5 17. e5 dxe5 18. fxe5 Ng4 19. Bf4 Nxb3 20. cxb3 g5 21. Nh5 Kh8 22. Qxd7 gxf4 23. Rxf4 Qxb3 24. Qxe7 Qxb2 25. Raf1 Rg8 26. Rxg4 Rxg4 27. Qf6+ 1-0

[Event "2BLO 2223 SG Leipzig  - Nickelhütte Au"]
[Site "?"]
[Date "2022.11.27"]
[Round "4.2"]
[White "Nguyen, Alex Dac-Vuong"]
[Black "Eichner, Sebastian"]
[Result "1-0"]
[WhiteElo "2305"]
[BlackElo "2336"]
[PlyCount "81"]
[EventDate "2022.??.??"]

1. e4 e5 2. Nf3 Nc6 3. Bb5 a6 4. Ba4 Nf6 5. O-O b5 6. Bb3 Bc5 7. c3 d6 8. a4 Bb7 9. d3 h6 10. Na3 O-O 11. Rb1 Na5 12. axb5 axb5 13. Nxb5 Nxb3 14. Qxb3 Rb8 15. c4 Ba6 16. Qc2 Bxb5 17. b4 Bxc4 18. Qxc4 Bb6 19. Bd2 Ra8 20. Ra1 Qd7 21. Rfc1 Rfb8 22. h3 Ra4 23. Rxa4 Qxa4 24. Bc3 Nh5 25. d4 exd4 26. Nxd4 Nf4 27. Nf5 Ne6 28. Ne7+ Kf8 29. Nc6 Ra8 30. Kh2 Bxf2 31. Rf1 Qa2 32. Qd5 Ra3 33. Qf5 Bg3+ 34. Kh1 Nd8 35. Qc8 Kg8 36. Qxd8+ Kh7 37. Ne7 f6 38. Bb2 Qc4 39. Rc1 Rc3 40. Bxc3 Bf4 41. Bd2 1-0

[Event "2BLO 2223 SG Leipzig  - Nickelhütte Au"]
[Site "?"]
[Date "2022.11.27"]
[Round "4.3"]
[White "Langrock, Hannes"]
[Black "Natsidis, Christoph"]
[Result "1/2-1/2"]
[WhiteElo "2358"]
[BlackElo "2302"]
[PlyCount "93"]
[EventDate "2022.??.??"]

1. d4 Nf6 2. Nf3 g6 3. g3 Bg7 4. Bg2 O-O 5. O-O d5 6. c4 c6 7. b3 dxc4 8. bxc4 c5 9. Bb2 Ne8 10. e3 Nc6 11. Na3 Bg4 12. Rb1 Bf5 13. Rc1 Nb4 14. Ne1 Nxa2 15. Ra1 Nb4 16. Bxb7 Rb8 17. Bg2 Nd6 18. Qe2 Qc8 19. e4 Bg4 20. f3 Bd7 21. e5 Nf5 22. d5 Nd4 23. Bxd4 cxd4 24. f4 Bf5 25. Be4 f6 26. Bxf5 Qxf5 27. e6 Qh3 28. Nb5 f5 29. Rd1 Rxb5 30. cxb5 Nxd5 31. Rc1 Nc3 32. Qd3 Rb8 33. Nf3 Nxb5 34. Rb1 a6 35. Rfc1 Rd8 36. Rc6 Bf6 37. Rxa6 Nc3 38. Rba1 Kg7 39. Ra8 Rd6 40. R1a6 Rd5 41. Ra3 Ne4 42. R3a5 Rd6 43. Qf1 Qxf1+ 44. Kxf1 d3 45. R8a6 Rd8 46. Ra8 Rd6 47. R5a6 1/2-1/2

[Event "2BLO 2223 SG Leipzig  - Nickelhütte Au"]
[Site "?"]
[Date "2022.11.27"]
[Round "4.4"]
[White "Heistermann, Till"]
[Black "Spiess, Gunter"]
[Result "1/2-1/2"]
[WhiteElo "2194"]
[BlackElo "2381"]
[PlyCount "91"]
[EventDate "2022.??.??"]

1. c4 e6 2. Nf3 d5 3. g3 dxc4 4. Bg2 a6 5. a4 Nc6 6. Qc2 e5 7. Qxc4 Be6 8. Qc2 Nf6 9. d3 Be7 10. Nbd2 Nd5 11. O-O Ndb4 12. Qd1 f5 13. Ne1 O-O 14. Nc2 Nd5 15. Nc4 Qd7 16. d4 e4 17. Bd2 a5 18. b3 b6 19. e3 Rad8 20. Qe2 Nf6 21. Bc3 Bf7 22. Rfc1 Bh5 23. Qf1 Nd5 24. Bd2 Kh8 25. N2a3 Bf6 26. Nc2 Qe6 27. Rab1 g5 28. b4 axb4 29. Nxb4 Ncxb4 30. Bxb4 Nxb4 31. Rxb4 Ra8 32. Nb2 Be7 33. Rbc4 Bd6 34. Qe1 Ra7 35. Qd2 Bf7 36. Rd1 Qd5 37. Bf1 Qa5 38. Qxa5 Rxa5 39. Rc3 Be8 40. Nc4 Bb4 41. Rb3 Rxa4 42. Nb2 Bd6 43. Nxa4 Bxa4 44. Rbb1 Bxd1 45. Rxd1 f4 46. Bg2 1/2-1/2

[Event "2BLO 2223 SG Leipzig  - Nickelhütte Au"]
[Site "?"]
[Date "2022.11.27"]
[Round "4.5"]
[White "Bulockin, Martin"]
[Black "Roesemann, Rainer"]
[Result "1/2-1/2"]
[WhiteElo "2293"]
[BlackElo "2284"]
[PlyCount "112"]
[EventDate "2022.??.??"]

1. e4 c6 2. Nc3 d5 3. Nf3 dxe4 4. Nxe4 Nf6 5. Nxf6+ exf6 6. Bc4 Bd6 7. O-O O-O 8. h3 Nd7 9. d4 Nb6 10. Bb3 a5 11. c4 Bc7 12. Qd3 Be6 13. Bc2 g6 14. b3 Qd7 15. Re1 Rfe8 16. Qf1 Bf5 17. Rxe8+ Rxe8 18. Bxf5 Qxf5 19. Be3 Nc8 20. Rd1 Ne7 21. Qd3 Qd7 22. Bd2 Nf5 23. Kf1 Ng7 24. Bc3 Ne6 25. Re1 Kg7 26. Qe4 Rd8 27. g3 h6 28. Kg2 Re8 29. Qc2 Ng5 30. Nxg5 Rxe1 31. Bxe1 hxg5 32. Bc3 f5 33. Qd2 f4 34. d5+ f6 35. Bxa5 cxd5 36. Bxc7 Qxc7 37. Qxd5 fxg3 38. fxg3 Qe7 39. Kf2 f5 40. c5 Kh6 41. Qd4 Kh7 42. b4 Qe6 43. Qd2 Qe4 44. a4 g4 45. hxg4 fxg4 46. Kg1 g5 47. b5 Qxa4 48. Qd7+ Kh6 49. Qxb7 Qd1+ 50. Kh2 Qe2+ 51. Qg2 Qxb5 52. Qc2 Qf1 53. Qg2 Qc4 54. Qc6+ Kg7 55. Qd7+ Kf6 56. Qd8+ Kf7 1/2-1/2

[Event "2BLO 2223 SG Leipzig  - Nickelhütte Au"]
[Site "?"]
[Date "2022.11.27"]
[Round "4.7"]
[White "Solberg, Joachim"]
[Black "Haufe, Laurin"]
[Result "0-1"]
[WhiteElo "2152"]
[BlackElo "2117"]
[PlyCount "98"]
[EventDate "2022.??.??"]

1. e4 c6 2. d4 d5 3. Nc3 dxe4 4. Nxe4 Bf5 5. Ng3 Bg6 6. h4 h6 7. Nf3 Nd7 8. h5 Bh7 9. Bd3 Bxd3 10. Qxd3 e6 11. Bd2 Ngf6 12. O-O-O Be7 13. Kb1 O-O 14. Qe2 Qc7 15. Ne5 Rfe8 16. f4 c5 17. Nxd7 Nxd7 18. dxc5 Nxc5 19. Ne4 Rad8 20. Nxc5 Bxc5 21. Bc1 Bd6 22. Qe4 e5 23. Rhe1 Re7 24. f5 f6 25. Qg4 Kh8 26. Qg6 Rf8 27. Re4 Bc5 28. Rc4 Qb6 29. Qg4 Bd4 30. c3 Qa6 31. Rb4 Bc5 32. Re4 b5 33. Qe2 Qb7 34. Qf3 Ree8 35. Qg4 Rd8 36. Rde1 Rd3 37. Qe2 Rfd8 38. Qg4 Qd7 39. Qe2 Qxf5 40. Rf1 Qd7 41. g4 Qd5 42. g5 hxg5 43. h6 Rd1 44. hxg7+ Kxg7 45. Rxd1 Qxd1 46. Qxb5 Qd3+ 47. Qxd3 Rxd3 48. Bxg5 fxg5 49. Rxe5 Be3 0-1

[Event "2BLO 2223 SG Leipzig  - Nickelhütte Au"]
[Site "?"]
[Date "2022.11.27"]
[Round "4.8"]
[White "Rausch, Stephan"]
[Black "Ludvik, Tomas"]
[Result "1/2-1/2"]
[WhiteElo "2246"]
[BlackElo "2227"]
[PlyCount "62"]
[EventDate "2022.??.??"]

1. d4 Nf6 2. Nf3 c5 3. c3 d5 4. Bf4 Nc6 5. e3 Qb6 6. Qb3 c4 7. Qxb6 axb6 8. Nbd2 b5 9. b4 Bf5 10. a3 h6 11. Be2 e6 12. O-O Be7 13. Rfc1 O-O 14. Bd1 Ra7 15. Bc2 Rfa8 16. Bxf5 exf5 17. Nb1 Nd7 18. Ra2 Re8 19. Re2 Bf6 20. Rce1 Raa8 21. Nfd2 Re6 22. Kf1 Nb6 23. h3 h5 24. Nf3 Rae8 25. Bg5 Bxg5 26. Nxg5 R6e7 27. h4 Nb8 28. Nh3 N8d7 29. Nf4 Nf6 30. f3 Na4 31. Kf2 g6 1/2-1/2

[Event "2BLO 2223 SK Passau - Erfurter SK"]
[Site "?"]
[Date "2022.11.27"]
[Round "4.1"]
[White "Romanov, Evgeny"]
[Black "Diermair, Andreas"]
[Result "1/2-1/2"]
[WhiteElo "2597"]
[BlackElo "2442"]
[PlyCount "84"]
[EventDate "2022.??.??"]

1. c4 e6 2. g3 d5 3. Bg2 Nf6 4. Nf3 d4 5. b4 Bxb4 6. Qa4+ Nc6 7. Ne5 Rb8 8. Nxc6 bxc6 9. Qxa7 Rb6 10. Qa4 O-O 11. O-O e5 12. d3 Bf5 13. Nd2 Qd6 14. Qc2 Bc3 15. Nb3 c5 16. Ba3 Nd7 17. Bb2 Bxb2 18. Qxb2 h5 19. a4 Rfb8 20. Ra3 h4 21. a5 Ra6 22. Qd2 h3 23. Bd5 c6 24. Bh1 Qg6 25. f4 Re8 26. fxe5 Rxe5 27. Qf4 Qe6 28. Bf3 Nf6 29. Nd2 Bxd3 30. exd3 g5 31. Qxe5 Qxe5 32. Ne4 Nxe4 33. Bxe4 Qc7 34. Bf5 Rxa5 35. Rxa5 Qxa5 36. Bxh3 Qd2 37. Bf5 Kg7 38. Be4 f6 39. Rf2 Qe1+ 40. Kg2 Qe3 41. Rf3 Qe2+ 42. Rf2 Qe3 1/2-1/2

[Event "2BLO 2223 SK Passau - Erfurter SK"]
[Site "?"]
[Date "2022.11.27"]
[Round "4.2"]
[White "Schwabeneder, Florian"]
[Black "Mihok, Oliver"]
[Result "0-1"]
[WhiteElo "2414"]
[BlackElo "2546"]
[PlyCount "100"]
[EventDate "2022.??.??"]

1. c4 Nf6 2. g3 g6 3. Bg2 Bg7 4. Nc3 O-O 5. d3 d6 6. Rb1 a5 7. e4 e5 8. Nge2 Na6 9. O-O c6 10. h3 Rb8 11. a3 b5 12. cxb5 cxb5 13. b4 Be6 14. f4 axb4 15. axb4 Qd7 16. g4 exf4 17. Bxf4 Rbc8 18. Qd2 h5 19. d4 Bc4 20. e5 dxe5 21. Bxe5 Ne8 22. Bxg7 Nxg7 23. Rf6 Nc7 24. Ne4 Nce8 25. Nf4 hxg4 26. hxg4 Qxg4 27. Ra1 Nf5 28. Ra3 Kg7 29. Rb6 Rh8 30. d5 Rh4 31. Nh3 Qe2 32. Qc3+ Kg8 33. Nhf2 Nd4 34. Ra1 Qxe4 35. Nxe4 Ne2+ 36. Kf2 Nxc3 37. Nxc3 Bd3 38. d6 Nxd6 39. Nd5 Rc2+ 40. Ke3 Rxg2 41. Rxd6 Bc4 42. Ra8+ Kg7 43. Nf6 Be6 44. Ne8+ Kh6 45. Nc7 Rh3+ 46. Ke4 Re2+ 47. Kd4 Rd2+ 48. Ke5 Re3+ 49. Kf6 Rf2+ 50. Ke7 Bd5+ 0-1

[Event "2BLO 2223 SK Passau - Erfurter SK"]
[Site "?"]
[Date "2022.11.27"]
[Round "4.4"]
[White "Schreiner, Peter"]
[Black "Weishaeutel, Moritz"]
[Result "1-0"]
[WhiteElo "2393"]
[BlackElo "2411"]
[PlyCount "69"]
[EventDate "2022.??.??"]

1. c4 c5 2. Nf3 Nc6 3. d4 cxd4 4. Nxd4 Nf6 5. Nc3 e6 6. e4 Bb4 7. Nxc6 bxc6 8. Bd3 e5 9. O-O O-O 10. Be3 Bxc3 11. bxc3 d6 12. c5 Ng4 13. Qe2 Nxe3 14. Qxe3 dxc5 15. Bc4 Qe7 16. Rfb1 Rd8 17. a4 h6 18. a5 Rd6 19. a6 Rg6 20. Ra5 Be6 21. Bf1 Qc7 22. Qxc5 Rb8 23. Raa1 Rxb1 24. Rxb1 Bc8 25. Rd1 Bg4 26. Rb1 Bc8 27. Rd1 Bg4 28. Rd3 Bc8 29. Rd2 Re6 30. h3 Re7 31. Bc4 Kh7 32. Rd6 Bd7 33. Rxh6+ Kxh6 34. Qxe7 f6 35. Be6 1-0

[Event "2BLO 2223 SK Passau - Erfurter SK"]
[Site "?"]
[Date "2022.11.27"]
[Round "4.5"]
[White "Enders, Peter"]
[Black "Weiss, Christian"]
[Result "1/2-1/2"]
[WhiteElo "2418"]
[BlackElo "2378"]
[PlyCount "83"]
[EventDate "2022.??.??"]

1. e4 c5 2. Nc3 e6 3. f4 Nc6 4. Nf3 Nf6 5. d3 d5 6. e5 Nd7 7. g3 b5 8. Bg2 b4 9. Ne2 h5 10. O-O Nb6 11. a3 a5 12. axb4 axb4 13. Rxa8 Nxa8 14. c4 bxc3 15. bxc3 Be7 16. h4 Nb6 17. Kh2 g6 18. Ng5 Qc7 19. Be3 O-O 20. Bf2 Bd7 21. Ng1 Kg7 22. N1h3 Rh8 23. Re1 d4 24. c4 Nb4 25. Bf1 Bc6 26. g4 hxg4 27. Qxg4 Qa7 28. Be2 Nd7 29. Rg1 Nf8 30. h5 Rh6 31. hxg6 Nxg6 32. f5 exf5 33. Qxf5 Bxg5 34. Rxg5 Bd7 35. Qf6+ Kg8 36. Rh5 Rxh5 37. Bxh5 Bxh3 38. Bxg6 fxg6 39. Qxg6+ Qg7 40. Qe8+ Qf8 41. Qg6+ Qg7 42. Qe8+ 1/2-1/2

[Event "2BLO 2223 SK Passau - Erfurter SK"]
[Site "?"]
[Date "2022.11.27"]
[Round "4.6"]
[White "Testor, Sebastian"]
[Black "Mueller, Matthias"]
[Result "1/2-1/2"]
[WhiteElo "2339"]
[BlackElo "2384"]
[PlyCount "22"]
[EventDate "2022.??.??"]

1. d4 d5 2. Nf3 e6 3. c4 c6 4. e3 Nf6 5. Nbd2 Nbd7 6. Bd3 c5 7. b3 cxd4 8. exd4 b6 9. O-O Bb7 10. Qe2 Be7 11. Bb2 O-O 1/2-1/2

[Event "2BLO 2223 SK Passau - Erfurter SK"]
[Site "?"]
[Date "2022.11.27"]
[Round "4.7"]
[White "Voekler, Bernd"]
[Black "Pflug, Matthias"]
[Result "1/2-1/2"]
[WhiteElo "2339"]
[BlackElo "2246"]
[PlyCount "41"]
[EventDate "2022.??.??"]

1. e4 c5 2. Nf3 d6 3. d4 cxd4 4. Nxd4 Nf6 5. Nc3 a6 6. g3 e5 7. Nde2 Be7 8. Bg2 O-O 9. a4 Qc7 10. O-O b6 11. h3 Bb7 12. g4 Nbd7 13. Ng3 g6 14. Bh6 Rfd8 15. Qd2 Ne8 16. Kh2 Rac8 17. Rac1 Qc4 18. Rfd1 Bf8 19. Bxf8 Kxf8 20. Bf1 Qb4 21. Nd5 1/2-1/2

[Event "2BLO 2223 SK Passau - Erfurter SK"]
[Site "?"]
[Date "2022.11.27"]
[Round "4.8"]
[White "Hellmayr, Alois"]
[Black "Casper, Thomas"]
[Result "1/2-1/2"]
[WhiteElo "2201"]
[BlackElo "2348"]
[PlyCount "22"]
[EventDate "2022.??.??"]

1. Nf3 Nf6 2. d4 d6 3. g3 e6 4. Bg2 Be7 5. O-O O-O 6. Re1 Ne4 7. Nbd2 Nxd2 8. Bxd2 e5 9. dxe5 dxe5 10. e4 Nc6 11. Be3 Qxd1 1/2-1/2

[Event "2BLO 2223 SC Bavaria Regensburg 1881 - "]
[Site "?"]
[Date "2022.11.27"]
[Round "4.1"]
[White "Milov, Leonid"]
[Black "Stocek, Jiri"]
[Result "1/2-1/2"]
[WhiteElo "2433"]
[BlackElo "2555"]
[PlyCount "73"]
[EventDate "2022.??.??"]

1. e4 c5 2. Nf3 d6 3. d4 cxd4 4. Nxd4 Nf6 5. Nc3 a6 6. Be3 e5 7. Nf3 Nc6 8. Bc4 Be6 9. Bb3 Rc8 10. O-O Na5 11. Bg5 Be7 12. Bxf6 Bxf6 13. Nd5 Nxb3 14. axb3 Bg5 15. Nxg5 Qxg5 16. Ne3 Rc6 17. Qd3 h5 18. b4 Rb6 19. c3 h4 20. Ra5 Qf4 21. Nd5 Bxd5 22. Rxd5 h3 23. g3 Qg4 24. f3 Qe6 25. Rd1 Rh6 26. b5 Rxb5 27. Rxb5 axb5 28. Qxb5+ Qd7 29. Qxd7+ Kxd7 30. Kf2 Ke6 31. Rd5 f5 32. Rb5 fxe4 33. fxe4 Rf6+ 34. Ke2 Rf7 35. Rb6 g5 36. c4 Rc7 37. b3 1/2-1/2